DIVUS THOMAS. COMMENTARIUM DE PHILOSOFIA ET THEOLOGIA. A. LI. GENNAIO DICEMBRE 1948. (Record n. 328337)

Dettagli MARC
000 -LEADER
fixed length control field 01608nas a2200277Ia 4500
001 - CONTROL NUMBER
control field R050-R9744
003 - CONTROL NUMBER IDENTIFIER
control field IT-CnALBA
008 - FIXED-LENGTH DATA ELEMENTS--GENERAL INFORMATION
fixed length control field 170116c99999999xx |||||||||||| ||und||
040 ## - CATALOGING SOURCE
Original cataloging agency IT-CnALBA
Transcribing agency IT-CnALBA
041 ## - LANGUAGE CODE
Language code of text/sound track or separate title POLIGLOTTA
999 ## - SYSTEM CONTROL NUMBERS (KOHA)
Koha Dewey Subclass [OBSOLETE] SI
100 ## - MAIN ENTRY--PERSONAL NAME
Personal name GIAMBERARDINI P. GABRIELE
210 ## - ABBREVIATED TITLE
Abbreviated title DIVUS THOMAS
222 ## - KEY TITLE
Key title DIVUS THOMAS
245 #0 - TITLE STATEMENT
Title DIVUS THOMAS. COMMENTARIUM DE PHILOSOFIA ET THEOLOGIA. A. LI. GENNAIO DICEMBRE 1948.
250 ## - EDITION STATEMENT
Edition statement 1a ed.
260 ## - PUBLICATION, DISTRIBUTION, ETC. (IMPRINT)
Place of publication, distribution, etc. PIACENZA
Name of publisher, distributor, etc. COLLEGIO ALBERONI
Date of publication, distribution, etc. 1948 [1° Ed.:1948 - Ed.Ling.Originale: 1948]
300 ## - PHYSICAL DESCRIPTION
Extent 392 p.
310 ## - CURRENT PUBLICATION FREQUENCY
Current publication frequency SEMESTRALE
362 ## - DATES OF PUBLICATION AND/OR SEQUENTIAL DESIGNATION
Dates of publication and/or sequential designation Fascicolo: 1-2 / Anno: 51 (1948)
500 ## - GENERAL NOTE
General note HENZE M. C. ROSSI A. IL DOLORE LA MORTE E LA RISURREZIONE DEL VERBO INCARNATO. SECONDO S. ILARIO DI POITIER. DISCUSSIO SULLA DOTTRINA DI GAETANO CIRCA LA INDIVIDUAZIONE DEI CORPI. ALL'ANNUNZIAZIONE LA VERGINE GIA' SPOSATA E COABITANTE CON S. GIUSEPPE. METODI E RISULTATI RELATIVI ALLA STORIA DELLA FILOSOFIA. RACCOLTE. GIUDIZIO SULLE OPERE. BIBLIOGRAFIA. ANNUNZI VARI.
501 ## - WITH NOTE
With note Società San Paolo EM - Piazza San Paolo, 14 - 12051 ALBA (CN) (non commercial uses only) ® Copyright 2017
520 ## - SUMMARY, ETC.
Summary, etc. HENZE M. C. ROSSI A. IL DOLORE LA MORTE E LA RISURREZIONE DEL VERBO INCARNATO. SECONDO S. ILARIO DI POITIER. DISCUSSIO SULLA DOTTRINA DI GAETANO CIRCA LA INDIVIDUAZIONE DEI CORPI. ALL'ANNUNZIAZIONE LA VERGINE GIA' SPOSATA E COABITANTE CON S. GIUSEPPE. METODI E RISULTATI RELATIVI ALLA STORIA DELLA FILOSOFIA. RACCOLTE. GIUDIZIO SULLE OPERE. BIBLIOGRAFIA. ANNUNZI VARI.
650 ## - SUBJECT ADDED ENTRY--TOPICAL TERM
Topical term or geographic name as entry element TEOLOGIA - FILOSOFIA
942 ## - ADDED ENTRY ELEMENTS (KOHA)
Koha item type RIVISTA
957 ## -
-- 1
999 ## - SYSTEM CONTROL NUMBERS (KOHA)
-- 1
Dati di copia
Withdrawn status Lost status Damaged status Not for loan Home library Current library Date acquired Total Checkouts Full call number Date last seen Price effective from Koha item type Public note
    Buone Condizioni Not For Loan ALBA - Biblioteca ALBA - Biblioteca 16/01/2017   R050-R9744 16/01/2017 16/01/2017 RIVISTA (data import: 16 gennaio 2017) - By Epidotti, Vaglietti.
CREDITS: SOCIETA' SAN PAOLO Via A.Severo, 58 - ROMA (RM) & PERIODICI SAN PAOLO SRL Via Giotto, 36 MILANO & CISF Via Giotto, 36 MILANO & EDIZIONI SAN PAOLO SRL,  Piazza Soncino, 5 CINISELLO BALSAMO (MI) -- ITALY